[Event "Ilyumzhinov Cup"]
[Site "Internet"]
[Date "2006.05.06"]
[Round "?"]
[White "Iankowski, Roman"]
[Black "Andriasian, Zaven"]
[Result "0-1"]
[WhiteElo "2347"]
[BlackElo "2460"]
[PlyCount "82"]
[EventDate "2006.05.06"]
[EventType "swiss"]
[EventRounds "13"]
[EventCountry "RUS"]
[SourceTitle "CBM 112 Extra"]
[Source "ChessBase"]
[SourceDate "2006.07.14"]
[SourceVersion "1"]
[SourceVersionDate "2006.07.14"]
[SourceQuality "1"]

1. e4 c5 2. g3 Nc6 3. Bg2 d6 4. f4 g6 5. d3 Bg7 6. Nf3 Nf6 7. 0-0 Bg4 8. h3 Bxf3 9. Qxf3 0-0 10. c3 Rb8 11. Be3 Nd7 12. Qf2 b5 13. d4 cxd4 14. cxd4 Nb6 15. Nd2 Nb4 16. e5 Nc2 17. Rac1 Nxe3 18. Qxe3 Rc8 19. b3 Qd7 20. Kh2 Rfd8 21. Ne4 Nd5 22. Qe2 b4 23. e6 Qxe6 24. Rce1 Nc3 25. Qf2 Nxe4 26. Rxe4 Qd7 27. f5 gxf5 28. Qxf5 Qxf5 29. Rxf5 e6 30. Ra5 d5 31. Rg4 Rc7 32. h4 h5 33. Rg5 Kf8 34. Rxh5 Bxd4 35. Rg5 Ke7 36. Kh3 Bf6 37. Rg4 d4 38. Rf4 d3 39. Rf1 d2 40. Rd1 Rd3 41. Rh5 Rc1 0-1

[Event "Ilyumzhinov Cup"]
[Site "Internet"]
[Date "2006.05.06"]
[Round "?"]
[White "Iankowski, Roman"]
[Black "Papin, Vasily"]
[Result "0-1"]
[WhiteElo "2347"]
[BlackElo "2388"]
[PlyCount "82"]
[EventDate "2006.05.06"]
[EventType "swiss"]
[EventRounds "13"]
[EventCountry "RUS"]
[SourceTitle "CBM 112 Extra"]
[Source "ChessBase"]
[SourceDate "2006.07.14"]
[SourceVersion "1"]
[SourceVersionDate "2006.07.14"]
[SourceQuality "1"]

1. e4 c5 2. g3 b6 3. Bg2 Bb7 4. d3 e6 5. f4 d6 6. Nf3 Qc7 7. 0-0 Nd7 8. c3 Ngf6 9. Na3 a6 10. h3 h5 11. Be3 b5 12. Bf2 c4 13. Re1 cxd3 14. Qxd3 Be7 15. Nc2 Nc5 16. Bxc5 dxc5 17. e5 Rd8 18. Qe2 Nd5 19. Nd2 h4 20. Ne3 hxg3 21. Nxd5 Bxd5 22. Ne4 Rh4 23. Rf1 Bc4 24. Qf3 Bxf1 25. Rxf1 g6 26. Qxg3 Qd7 27. Kh1 Kf8 28. Qf2 Qd3 29. Nxc5 Bxc5 30. Qxc5+ Kg7 31. Qf2 Rdh8 32. Kg1 R4h5 33. Qf3 Qxf3 34. Rxf3 Rd8 35. Rf2 Rd1+ 36. Kh2 Rh8 37. a3 Rhd8 38. Kg3 R1d2 39. b4 R8d3+ 40. Bf3 Rxf2 41. Kxf2 Rxc3 0-1

[Event "Ilyumzhinov Cup"]
[Site "Internet"]
[Date "2006.05.06"]
[Round "?"]
[White "Iankowski, Roman"]
[Black "Pogromsky, Mikhail"]
[Result "0-1"]
[WhiteElo "2347"]
[BlackElo "2363"]
[PlyCount "178"]
[EventDate "2006.05.06"]
[EventType "swiss"]
[EventRounds "13"]
[EventCountry "RUS"]
[SourceTitle "CBM 112 Extra"]
[Source "ChessBase"]
[SourceDate "2006.07.14"]
[SourceVersion "1"]
[SourceVersionDate "2006.07.14"]
[SourceQuality "1"]

1. e4 Nf6 2. e5 Nd5 3. d4 d6 4. Nf3 Bg4 5. Be2 Nc6 6. exd6 exd6 7. c3 Be7 8. 0-0 0-0 9. h3 Bh5 10. Na3 Re8 11. Nc4 Bf6 12. Re1 Qd7 13. Nh2 Bxe2 14. Rxe2 Rxe2 15. Qxe2 Re8 16. Qd1 Qf5 17. Ne3 Nxe3 18. Bxe3 d5 19. Qf3 Qxf3 20. Nxf3 Ne7 21. Bf4 c6 22. Be5 Bxe5 23. Nxe5 f6 24. Nd3 Nc8 25. Kf1 Kf7 26. Re1 Rd8 27. b3 Nd6 28. f3 Nb5 29. Rc1 Re8 30. a4 Nd6 31. Re1 Rb8 32. Kf2 h5 33. h4 Nf5 34. g3 Nd6 35. Nf4 g6 36. Nd3 b6 37. Re2 a5 38. Re1 Rc8 39. Nf4 Rh8 40. Re6 Rd8 41. Re2 Nf5 42. Re1 Nd6 43. Re2 Nc8 44. Ne6 Re8 45. Nf4 Rxe2+ 46. Kxe2 Nd6 47. Kf2 b5 48. Nd3 bxa4 49. bxa4 Nc4 50. Nc5 g5 51. Ke2 Kg6 52. Ne6 Nb6 53. Nd8 Nxa4 54. Nxc6 Nxc3+ 55. Kd3 Nb5 56. Nxa5 gxh4 57. gxh4 Kf5 58. Nc6 Kf4 59. Ne7 Nc7 60. Ng8 f5 61. Ke2 Kg3 62. Nf6 Kxh4 63. f4 Kg3 64. Nxh5+ Kg4 65. Nf6+ Kxf4 66. Kd3 Kg5 67. Nd7 f4 68. Ne5 Kf5 69. Nd7 Ne6 70. Nb6 Nc7 71. Nd7 Kg4 72. Ne5+ Kg3 73. Ke2 Nb5 74. Nf3 Kg2 75. Nh4+ Kg3 76. Nf3 Kh3 77. Kf2 Kg4 78. Ne5+ Kf5 79. Nc6 Ke4 80. Kf1 Nxd4 81. Ne7 Nf5 82. Ng6 d4 83. Kf2 d3 84. Ke1 Nd4 85. Kd2 Nf3+ 86. Kd1 Ne5 87. Ne7 Nc4 88. Nc8 f3 89. Ke1 Ke3 0-1

[Event "Ilyumzhinov Cup"]
[Site "Internet"]
[Date "2006.05.06"]
[Round "?"]
[White "Looshnikov, Nikolai"]
[Black "Iankowski, Roman"]
[Result "0-1"]
[WhiteElo "2437"]
[BlackElo "2347"]
[PlyCount "92"]
[EventDate "2006.05.06"]
[EventType "swiss"]
[EventRounds "13"]
[EventCountry "RUS"]
[SourceTitle "CBM 112 Extra"]
[Source "ChessBase"]
[SourceDate "2006.07.14"]
[SourceVersion "1"]
[SourceVersionDate "2006.07.14"]
[SourceQuality "1"]

1. e4 c6 2. c4 d5 3. exd5 cxd5 4. cxd5 Nf6 5. Bb5+ Nbd7 6. Nc3 a6 7. Ba4 b5 8. Bc2 Bb7 9. Nge2 Nb6 10. Nf4 Nbxd5 11. Nfxd5 Bxd5 12. 0-0 e6 13. d4 Be7 14. Nxd5 Qxd5 15. Re1 0-0 16. Re5 Qd7 17. Qd3 g6 18. Bh6 Rfd8 19. Be3 Bd6 20. Rg5 h6 21. Rg3 Bxg3 22. hxg3 Kg7 23. f3 Rac8 24. Qd2 Rh8 25. Bb3 Nd5 26. Bf2 Rhd8 27. Re1 Qe7 28. g4 Qg5 29. Qd1 Qf6 30. Bg3 Nf4 31. Re4 g5 32. Qd2 Ng6 33. Kh2 Rd7 34. Qe3 Rcd8 35. Be1 Rxd4 36. Bc3 e5 37. Bxd4 exd4 38. Qd2 d3 39. a4 Nf4 40. axb5 axb5 41. Rb4 Qd6 42. Kh1 Qc6 43. Re4 Re8 44. Rd4 Re2 45. Qb4 Qc1+ 46. Kh2 Rxg2# 0-1

[Event "Miercurea Ciuc Banc Post"]
[Site "Miercurea Ciuc"]
[Date "2001.09.26"]
[Round "5"]
[White "Jicman, Ligia Letitia"]
[Black "Iankowski, Roman"]
[Result "1/2-1/2"]
[WhiteElo "2229"]
[BlackElo "2394"]
[PlyCount "21"]
[EventDate "2001.09.22"]
[EventType "tourn"]
[EventRounds "10"]
[EventCountry "ROU"]
[EventCategory "3"]
[SourceTitle "CBM 084 Extra"]
[Source "ChessBase"]
[SourceDate "2001.10.26"]
[SourceVersion "1"]
[SourceVersionDate "2001.10.26"]
[SourceQuality "1"]

1. e4 c6 2. d4 d5 3. exd5 cxd5 4. Bd3 Nf6 5. c3 Nc6 6. h3 g6 7. Nf3 Bg7 8. 0-0 0-0 9. Bf4 Bf5 10. Bxf5 gxf5 11. Ne5 1/2-1/2

[Event "Miercurea Ciuc Banc Post"]
[Site "Miercurea Ciuc"]
[Date "2001.09.24"]
[Round "3"]
[White "Tikhomirov, Sergei"]
[Black "Iankowski, Roman"]
[Result "1/2-1/2"]
[WhiteElo "2364"]
[BlackElo "2394"]
[PlyCount "34"]
[EventDate "2001.09.22"]
[EventType "tourn"]
[EventRounds "10"]
[EventCountry "ROU"]
[EventCategory "3"]
[SourceTitle "CBM 084 Extra"]
[Source "ChessBase"]
[SourceDate "2001.10.26"]
[SourceVersion "1"]
[SourceVersionDate "2001.10.26"]
[SourceQuality "1"]

1. e4 e6 2. d4 d5 3. exd5 exd5 4. Bd3 Bd6 5. Qf3 c6 6. Bf4 Bxf4 7. Qxf4 Qf6 8. Ne2 Qxf4 9. Nxf4 Nf6 10. Nd2 Bg4 11. f3 Bh5 12. Kf2 0-0 13. Rae1 Bg6 14. Re7 Nbd7 15. Rhe1 Rfe8 16. Rxe8+ Rxe8 17. Rxe8+ Nxe8 1/2-1/2

[Event "Bucharest Spring"]
[Site "Bucharest"]
[Date "2001.04.10"]
[Round "5"]
[White "Iankowski, Roman"]
[Black "Gavela, Dragan"]
[Result "1-0"]
[WhiteElo "2388"]
[BlackElo "2294"]
[PlyCount "109"]
[EventDate "2001.04.06"]
[EventType "tourn"]
[EventRounds "11"]
[EventCountry "ROU"]
[EventCategory "8"]
[SourceTitle "CBM 082 Extra"]
[Source "ChessBase"]
[SourceDate "2001.07.03"]
[SourceVersion "1"]
[SourceVersionDate "2001.07.03"]
[SourceQuality "1"]

1. e4 c5 2. g3 d5 3. exd5 Qxd5 4. Nf3 Nc6 5. Bg2 Qe6+ 6. Kf1 Qd7 7. d3 e5 8. Na3 f6 9. Nc4 b5 10. Ne3 Bb7 11. h4 Nh6 12. a4 a6 13. Nd2 Nd4 14. axb5 Bxg2+ 15. Nxg2 Qxb5 16. Nc4 Nhf5 17. Be3 Nd6 18. b3 Nxc4 19. bxc4 Qc6 20. g4 Be7 21. Rh3 0-0 22. Bd2 f5 23. g5 f4 24. f3 h6 25. gxh6 gxh6 26. Bc3 Bd6 27. Bxd4 cxd4 28. h5 a5 29. Nh4 a4 30. Kf2 Kh7 31. Rh1 a3 32. Rg1 Rg8 33. Rg6 Rxg6 34. hxg6+ Kg7 35. Qe2 Rf8 36. Qe1 Kg8 37. Qg1 Qa4 38. Qg4 Rf6 39. Kg1 Qe8 40. Kh2 Bf8 41. Qh5 Qe6 42. c5 a2 43. c6 Bg7 44. c7 Rf8 45. Qg4 Qxg4 46. fxg4 Rc8 47. Rxa2 Rxc7 48. Ra8+ Bf8 49. Nf5 Rxc2+ 50. Kg1 Rc7 51. Kf2 e4 52. dxe4 d3 53. Rd8 d2 54. Ke2 Rg7 55. Nxh6+ 1-0

[Event "Bucharest Spring"]
[Site "Bucharest"]
[Date "2001.04.09"]
[Round "4"]
[White "Vasiesiu, Dan"]
[Black "Iankowski, Roman"]
[Result "1-0"]
[WhiteElo "2439"]
[BlackElo "2388"]
[PlyCount "51"]
[EventDate "2001.04.06"]
[EventType "tourn"]
[EventRounds "11"]
[EventCountry "ROU"]
[EventCategory "8"]
[SourceTitle "CBM 082 Extra"]
[Source "ChessBase"]
[SourceDate "2001.07.03"]
[SourceVersion "1"]
[SourceVersionDate "2001.07.03"]
[SourceQuality "1"]

1. e4 Nf6 2. e5 Nd5 3. d4 d6 4. Nf3 Nb6 5. a4 a5 6. Nc3 g6 7. exd6 cxd6 8. Bb5+ N8d7 9. h4 h6 10. Bf4 Bg7 11. Qe2 0-0 12. h5 g5 13. Be3 Nf6 14. Nxg5 hxg5 15. h6 Bh8 16. h7+ Nxh7 17. Qh5 Bf5 18. Bd3 Bg7 19. Bxf5 Nf6 20. Bh7+ Kh8 21. Qh3 g4 22. Qh4 e5 23. dxe5 dxe5 24. Rd1 Qe7 25. Bh6 Ng8 26. Bxg7+ 1-0

[Event "Miercurea Ciuc Banc Post"]
[Site "Miercurea Ciuc"]
[Date "2000.09.19"]
[Round "4"]
[White "Iankowski, Roman"]
[Black "Bollengier, Andreea"]
[Result "1-0"]
[WhiteElo "2389"]
[BlackElo "2229"]
[PlyCount "65"]
[EventDate "2000.09.16"]
[EventType "tourn"]
[EventRounds "11"]
[EventCountry "ROU"]
[EventCategory "4"]
[SourceTitle "CBM 078 Extra"]
[Source "ChessBase"]
[SourceDate "2000.11.10"]
[SourceVersion "1"]
[SourceVersionDate "2000.11.10"]
[SourceQuality "1"]

1. e4 c5 2. g3 d5 3. exd5 Qxd5 4. Nf3 Nc6 5. Bg2 Qe6+ 6. Kf1 Nf6 7. d3 g6 8. Nc3 Bg7 9. Be3 Nd5 10. Bd2 Nxc3 11. bxc3 h6 12. h4 Qd6 13. Rb1 0-0 14. Qe1 c4 15. d4 Qa3 16. Qc1 Qxc1+ 17. Bxc1 Bf5 18. Ne1 Nd8 19. f4 Rb8 20. Bd5 a6 21. Rb6 Kh7 22. Rh2 Be6 23. Bf3 h5 24. Ng2 Bd7 25. Ne3 Bb5 26. g4 hxg4 27. Nxg4 Kg8 28. h5 gxh5 29. Nh6+ Bxh6 30. Rxh6 Kg7 31. f5 Rg8 32. f6+ exf6 33. Rg2+ 1-0

[Event "Bucharest-A"]
[Site "Bucharest"]
[Date "2000.??.??"]
[Round "1"]
[White "Cioara, Andrei Nestor"]
[Black "Iankowski, Roman"]
[Result "0-1"]
[WhiteElo "2353"]
[BlackElo "2390"]
[PlyCount "80"]
[EventDate "2000.03.??"]
[EventType "tourn"]
[EventRounds "13"]
[EventCountry "ROU"]
[SourceTitle "EXT 2001"]
[Source "ChessBase"]
[SourceDate "2000.11.22"]
[SourceVersion "1"]
[SourceVersionDate "2000.11.22"]
[SourceQuality "1"]

1. e4 d5 2. exd5 Qxd5 3. Nc3 Qa5 4. d4 Nf6 5. Nf3 Bf5 6. Bc4 e6 7. Bd2 c6 8. Qe2 Bb4 9. 0-0-0 Nbd7 10. a3 Bxc3 11. Bxc3 Qc7 12. Bd2 0-0-0 13. Rhe1 Nb6 14. Bb3 Bg4 15. c3 Bxf3 16. Qxf3 Qxh2 17. Rh1 Qc7 18. Bf4 Qe7 19. Bh2 Na8 20. Rhe1 Nc7 21. c4 h5 22. d5 Qc5 23. Qg3 Nfe8 24. d6 Na6 25. Kb1 Rd7 26. Re5 Qb6 27. Re2 h4 28. Qf3 Qd8 29. Red2 Qg5 30. Ka2 Nf6 31. Ba4 Qa5 32. Bb3 Qh5 33. Qe3 Ng4 34. Qxa7 Nxh2 35. Qa8+ Nb8 36. f3 h3 37. g4 Qe5 38. c5 Nxf3 39. Rc2 h2 40. Rcc1 Ng1 0-1

[Event "ROM-chT2"]
[Site "Baile Tusnad"]
[Date "2000.??.??"]
[Round "?"]
[White "Timoshenko, Georgy"]
[Black "Iankowski, Roman"]
[Result "1/2-1/2"]
[WhiteElo "2584"]
[BlackElo "2390"]
[PlyCount "114"]
[EventDate "2000.??.??"]
[EventType "team"]
[EventRounds "9"]
[EventCountry "ROU"]
[SourceTitle "EXT 2001"]
[Source "ChessBase"]
[SourceDate "2000.11.22"]
[SourceVersion "1"]
[SourceVersionDate "2000.11.22"]
[SourceQuality "1"]

1. e4 c6 2. d4 d5 3. Nc3 dxe4 4. Nxe4 Bf5 5. Ng3 Bg6 6. h4 h6 7. Nf3 Nd7 8. h5 Bh7 9. Bd3 Bxd3 10. Qxd3 e6 11. Bf4 Qa5+ 12. Bd2 Qc7 13. 0-0-0 0-0-0 14. Ne4 Ngf6 15. g3 Nc5 16. Nxc5 Bxc5 17. c4 Bd6 18. Bc3 c5 19. d5 exd5 20. Bxf6 gxf6 21. Qf5+ Qd7 22. Rxd5 Qxf5 23. Rxf5 Be7 24. Re1 Rd7 25. Nd2 Rc7 26. Kc2 Rg8 27. Nf1 Rg4 28. f4 Rd7 29. Re2 Rg8 30. b3 a6 31. a4 b6 32. Rd2 Rxd2+ 33. Kxd2 Kd7 34. Rd5+ Kc7 35. Ke2 b5 36. axb5 axb5 37. cxb5 Rb8 38. Ne3 Rxb5 39. Rd3 Kc8 40. Nd5 Bd8 41. Kf3 Ra5 42. Kg4 Rb5 43. Ne3 Be7 44. Nf5 Bf8 45. Nd6+ Bxd6 46. Rxd6 Rxb3 47. Rxf6 c4 48. Rxh6 Kd7 49. Ra6 c3 50. Ra7+ Kd6 51. Ra1 Ke6 52. h6 Rb8 53. Rc1 Rg8+ 54. Kf3 Rc8 55. Rc2 Kf6 56. g4 Kg6 57. g5 f6 1/2-1/2

[Event "ROM-chT2"]
[Site "Sovata"]
[Date "1997.??.??"]
[Round "7"]
[White "Iankowski, Roman"]
[Black "Miron, Toma"]
[Result "1-0"]
[WhiteElo "2310"]
[BlackElo "2190"]
[PlyCount "71"]
[EventDate "1997.10.??"]
[EventType "team-tourn"]
[EventRounds "7"]
[EventCountry "ROU"]
[SourceTitle "EXT 2000"]
[Source "ChessBase"]
[SourceDate "1999.11.16"]
[SourceVersion "1"]
[SourceVersionDate "1999.11.16"]
[SourceQuality "1"]

1. g3 d5 2. Bg2 c6 3. Nf3 g6 4. c4 dxc4 5. a4 Bg7 6. Na3 Qd5 7. 0-0 Na6 8. Ne1 Qc5 9. d3 cxd3 10. Nxd3 Qb6 11. Rb1 Be6 12. b4 Ba2 13. Be3 Bd4 14. Bxd4 Qxd4 15. Rb2 Bd5 16. Bxd5 Qxd5 17. b5 cxb5 18. Rxb5 Qd7 19. Qb3 Rb8 20. Ne5 Qe6 21. Qxe6 fxe6 22. Rfb1 b6 23. a5 Nc7 24. R5b3 Nf6 25. Nc6 Ra8 26. axb6 axb6 27. Rxb6 Kf7 28. Nc4 Rhc8 29. Rb7 Nd7 30. Na7 Rcb8 31. R1b2 Rc8 32. Nxc8 Rxc8 33. Rc2 Ke8 34. Na5 Kd8 35. Nc6+ Ke8 36. Na7 1-0

[Event "Bucharest Dreptatea"]
[Site "Bucharest"]
[Date "1996.??.??"]
[Round "8"]
[White "Chiricuta, Marius"]
[Black "Iankowski, Roman"]
[Result "0-1"]
[WhiteElo "2250"]
[BlackElo "2285"]
[PlyCount "120"]
[EventDate "1996.??.??"]
[EventType "tourn"]
[EventRounds "13"]
[EventCountry "ROU"]
[EventCategory "3"]
[SourceTitle "EXT 2004"]
[Source "ChessBase"]
[SourceDate "2003.11.25"]
[SourceVersion "1"]
[SourceVersionDate "2003.11.25"]
[SourceQuality "1"]

1. e4 c5 2. Nf3 Nc6 3. d4 cxd4 4. Nxd4 e5 5. Nb5 d6 6. N5c3 Nf6 7. Bg5 Be7 8. Bxf6 Bxf6 9. Nd5 Bg5 10. Bc4 0-0 11. Nbc3 Kh8 12. h4 Bh6 13. g4 Bf4 14. Nxf4 exf4 15. Nd5 Re8 16. Nc3 Ne5 17. Be2 Be6 18. Qd2 Qb6 19. Na4 Qc7 20. Nc3 f3 21. Bb5 Red8 22. g5 a6 23. Bd3 d5 24. exd5 Bxd5 25. 0-0-0 Bxa2 26. Qe3 Be6 27. h5 Nxd3+ 28. Rxd3 Rxd3 29. Qxd3 Qf4+ 30. Qd2 Qxd2+ 31. Kxd2 Rc8 32. Ke3 h6 33. gxh6 gxh6 34. Rh4 Kg7 35. Kxf3 Bf5 36. Ke3 Bxc2 37. Rg4+ Kf8 38. Rb4 b5 39. Nd5 Bf5 40. Kd4 Be6 41. Nf4 Bc4 42. b3 a5 43. bxc4 axb4 44. c5 b3 45. Nd3 Rd8+ 46. Kc3 Rxd3+ 47. Kxd3 Ke7 48. Kc3 Ke6 49. Kxb3 Kd5 50. Kb4 Kc6 51. f3 f6 52. Kc3 Kxc5 53. Kd3 Kb4 54. Ke4 Kc3 55. Kf5 b4 56. Kg6 b3 57. Kxh6 b2 58. Kg7 b1Q 59. h6 f5 60. h7 Kd3 0-1

[Event "Bucharest Dreptatea"]
[Site "Bucharest"]
[Date "1996.??.??"]
[Round "11"]
[White "Iankowski, Roman"]
[Black "Cioara, Andrei Nestor"]
[Result "1/2-1/2"]
[WhiteElo "2285"]
[BlackElo "2400"]
[PlyCount "114"]
[EventDate "1996.??.??"]
[EventType "tourn"]
[EventRounds "13"]
[EventCountry "ROU"]
[EventCategory "3"]
[SourceTitle "EXT 2004"]
[Source "ChessBase"]
[SourceDate "2003.11.25"]
[SourceVersion "1"]
[SourceVersionDate "2003.11.25"]
[SourceQuality "1"]

1. e4 c5 2. c3 g6 3. d4 cxd4 4. cxd4 d5 5. exd5 Nf6 6. Nc3 Bg7 7. Nf3 0-0 8. Bc4 Nbd7 9. 0-0 Nb6 10. Bb3 Nbxd5 11. Ne5 Be6 12. Bg5 Qa5 13. Bd2 Qb6 14. Bg5 Rfd8 15. Na4 Qd6 16. Nc5 Bc8 17. Qf3 b6 18. Ne4 Qe6 19. Nc3 Bb7 20. Rfe1 Qf5 21. Qxf5 gxf5 22. Rac1 e6 23. Nxd5 Bxd5 24. Bxd5 Rxd5 25. Rc7 Ne8 26. Rb7 f6 27. Nc6 fxg5 28. Ne7+ Kf8 29. Nxd5 exd5 30. Ree7 h6 31. Red7 Bxd4 32. Rxd5 Bxb2 33. Rxf5+ Kg8 34. Rd5 Nf6 35. Rd1 Ba3 36. g3 Bc5 37. Re1 a5 38. Re6 Rf8 39. Kg2 Rf7 40. Rxf7 Kxf7 41. Rc6 a4 42. a3 h5 43. h3 Nd5 44. Kf3 Nc3 45. h4 gxh4 46. gxh4 Nb5 47. Ke4 Nxa3 48. Rh6 Nc4 49. Kd3 b5 50. Rxh5 Bd6 51. Rxb5 Ne5+ 52. Ke4 a3 53. Ra5 Nc4 54. Ra6 Be7 55. h5 Nd2+ 56. Kf5 Bc5 57. Ke5 Bxf2 1/2-1/2

[Event "Bucharest Candidatilor"]
[Site "Bucharest"]
[Date "1996.??.??"]
[Round "8"]
[White "Iankowski, Roman"]
[Black "Sanduleac, Vasile"]
[Result "1/2-1/2"]
[WhiteElo "2285"]
[BlackElo "2385"]
[PlyCount "88"]
[EventDate "1996.??.??"]
[EventType "tourn"]
[EventRounds "13"]
[EventCountry "ROU"]
[EventCategory "3"]
[SourceTitle "EXT 2004"]
[Source "ChessBase"]
[SourceDate "2003.11.25"]
[SourceVersion "1"]
[SourceVersionDate "2003.11.25"]
[SourceQuality "1"]

1. e4 e5 2. Nf3 Nc6 3. Bc4 Be7 4. d4 exd4 5. 0-0 d6 6. Nxd4 Nf6 7. Nxc6 bxc6 8. Nc3 0-0 9. Bf4 Nd7 10. Re1 Bf6 11. Qd2 Ne5 12. Bf1 a5 13. Rad1 Be6 14. b3 Qb8 15. Bg5 Bxg5 16. Qxg5 Qb4 17. Re3 f6 18. Qg3 f5 19. exf5 Bxf5 20. Rd2 Kh8 21. h3 Rf6 22. Qg5 Raf8 23. Rg3 Bg6 24. Qe3 Re8 25. Rd4 Qb8 26. Ne4 Rff8 27. Qd2 Nf7 28. Ng5 Nh6 29. Bd3 Nf5 30. Bxf5 Rxf5 31. Nf3 Rf6 32. Qxa5 c5 33. Rdg4 Re4 34. Rxe4 Bxe4 35. Qc3 Qf8 36. a4 h6 37. a5 Bb7 38. Qd3 Kg8 39. a6 Ba8 40. a7 Bc6 41. Rg6 Rxg6 42. Qxg6 Bxf3 43. Qe6+ Kh8 44. gxf3 Qa8 1/2-1/2

[Event "Bucharest Dreptatea"]
[Site "Bucharest"]
[Date "1996.??.??"]
[Round "1"]
[White "Pasarelu, Dan"]
[Black "Iankowski, Roman"]
[Result "1-0"]
[WhiteElo "2325"]
[BlackElo "2285"]
[PlyCount "77"]
[EventDate "1996.??.??"]
[EventType "tourn"]
[EventRounds "13"]
[EventCountry "ROU"]
[EventCategory "3"]
[SourceTitle "EXT 2004"]
[Source "ChessBase"]
[SourceDate "2003.11.25"]
[SourceVersion "1"]
[SourceVersionDate "2003.11.25"]
[SourceQuality "1"]

1. e4 Nf6 2. e5 Nd5 3. d4 d6 4. c4 Nb6 5. f4 Bf5 6. Nc3 dxe5 7. fxe5 e6 8. Nf3 Bg4 9. Be2 Bxf3 10. Bxf3 Nc6 11. c5 Nd7 12. Bxc6 bxc6 13. 0-0 f6 14. Qh5+ g6 15. Qf3 Bg7 16. Qxc6 0-0 17. Qxe6+ Kh8 18. exf6 Bxf6 19. Be3 Re8 20. Qh3 c6 21. Bf2 Rb8 22. b3 Qe7 23. Rad1 Qg7 24. Qf3 Nxc5 25. dxc5 Bxc3 26. Qxc6 Rbc8 27. Qd7 Qe5 28. Rde1 Bxe1 29. Bd4 Bc3 30. Bxe5+ Bxe5 31. Re1 Rcd8 32. Qxd8 Rxd8 33. Rxe5 Rd7 34. b4 Kg7 35. Re1 Kf6 36. c6 Rd4 37. b5 Rb4 38. Rc1 Ke7 39. c7 1-0

[Event "Bucharest Candidatilor"]
[Site "Bucharest"]
[Date "1996.??.??"]
[Round "2"]
[White "Pessi, Emil George"]
[Black "Iankowski, Roman"]
[Result "0-1"]
[WhiteElo "2355"]
[BlackElo "2285"]
[PlyCount "82"]
[EventDate "1996.??.??"]
[EventType "tourn"]
[EventRounds "13"]
[EventCountry "ROU"]
[EventCategory "3"]
[SourceTitle "EXT 2004"]
[Source "ChessBase"]
[SourceDate "2003.11.25"]
[SourceVersion "1"]
[SourceVersionDate "2003.11.25"]
[SourceQuality "1"]

1. e4 Nf6 2. d3 d5 3. Nd2 c5 4. Ngf3 Nc6 5. g3 g6 6. Bg2 Bg7 7. 0-0 0-0 8. Re1 e6 9. exd5 exd5 10. Nb3 b6 11. Bg5 h6 12. Bf4 a5 13. a4 Ra7 14. Qd2 g5 15. Nxg5 hxg5 16. Bxg5 Ne7 17. h4 Nh7 18. Bh6 Bxh6 19. Qxh6 Nf5 20. Qf4 Be6 21. Re5 Ng7 22. d4 c4 23. Nd2 Qf6 24. Qe3 Nf5 25. Qc3 Ne7 26. Nf3 Nc6 27. Re3 Qf5 28. Ne5 Nb4 29. Rc1 Na2 30. Qd2 Nxc1 31. Rf3 Qh5 32. g4 Qxh4 33. Qxc1 Qg5 34. Qe1 Nf6 35. Rh3 Kg7 36. f4 Qxf4 37. Qh4 Bxg4 38. Nxg4 Qxd4+ 39. Re3 Nxg4 40. Qg5+ Kh7 41. Be4+ dxe4 0-1

[Event "Bucharest Dreptatea"]
[Site "Bucharest"]
[Date "1995.??.??"]
[Round "10"]
[White "Iankowski, Roman"]
[Black "Popescu, Daniel Dorin"]
[Result "1/2-1/2"]
[WhiteElo "2230"]
[BlackElo "2425"]
[PlyCount "133"]
[EventDate "1995.??.??"]
[EventType "tourn"]
[EventRounds "13"]
[EventCountry "ROU"]
[EventCategory "5"]
[SourceTitle "EXT 2002"]
[Source "ChessBase"]
[SourceDate "2001.11.25"]
[SourceVersion "1"]
[SourceVersionDate "2001.11.25"]
[SourceQuality "1"]

1. d4 d5 2. Nf3 Nc6 3. g3 Bg4 4. Bg2 e6 5. 0-0 Bd6 6. b3 Nf6 7. Bb2 Bxf3 8. Bxf3 e5 9. c4 Nxd4 10. Bxd4 exd4 11. Qxd4 0-0 12. Nd2 Re8 13. Rad1 Be5 14. Qc5 c6 15. cxd5 cxd5 16. Nc4 Qc7 17. Qxc7 Bxc7 18. Bxd5 Nxd5 19. Rxd5 Rxe2 20. Rd7 Rc8 21. a4 Kf8 22. Rfd1 Re7 23. R7d5 g6 24. a5 Rb8 25. Rb5 Kg7 26. Kf1 a6 27. Rb4 Rd8 28. Re1 Rxe1+ 29. Kxe1 Rb8 30. Nb6 Bxb6 31. Rxb6 Re8+ 32. Kd2 Re7 33. Kd3 Kf8 34. Kd4 Rd7+ 35. Kc5 Ke7 36. Rb4 Kd8 37. Rd4 Rxd4 38. Kxd4 Kd7 39. Kd5 Ke7 40. g4 h6 41. h4 Kd7 42. g5 hxg5 43. hxg5 Ke7 44. Ke5 Kd7 45. Kf6 Ke8 46. Kg7 Ke7 47. f4 Ke8 48. Kf6 Kf8 49. Ke5 Ke7 50. Kd5 Kd7 51. f5 gxf5 52. Ke5 f4 53. Kxf4 Ke6 54. Ke4 Kd6 55. Kf5 Ke7 56. Kg4 Ke6 57. Kh5 Ke7 58. Kh6 Kf8 59. Kh7 Ke7 60. Kg7 Ke8 61. b4 Ke7 62. Kg8 Ke8 63. Kg7 Ke7 64. Kg8 Ke8 65. Kg7 Ke7 66. Kg8 Ke8 67. Kg7 1/2-1/2

[Event "Bucharest Dreptatea"]
[Site "Bucharest"]
[Date "1995.??.??"]
[Round "7"]
[White "Iankowski, Roman"]
[Black "Tomescu, Vlad"]
[Result "1-0"]
[WhiteElo "2230"]
[BlackElo "2395"]
[PlyCount "54"]
[EventDate "1995.??.??"]
[EventType "tourn"]
[EventRounds "13"]
[EventCountry "ROU"]
[EventCategory "5"]
[SourceTitle "EXT 2002"]
[Source "ChessBase"]
[SourceDate "2001.11.25"]
[SourceVersion "1"]
[SourceVersionDate "2001.11.25"]
[SourceQuality "1"]

1. d4 Nf6 2. g3 g6 3. Bg2 Bg7 4. e4 d6 5. Nc3 0-0 6. Nge2 Nbd7 7. h3 e5 8. Be3 exd4 9. Bxd4 Re8 10. 0-0 c6 11. a4 a5 12. g4 h6 13. Ng3 b6 14. Qd2 Ba6 15. Rfe1 Qc7 16. Rad1 Bf8 17. Be3 Kh7 18. g5 hxg5 19. Bxg5 Ng8 20. Qf4 Nc5 21. Qh4+ Kg7 22. Re3 f6 23. Nf5+ gxf5 24. Rg3 Ne6 25. Bxf6+ Kf7 26. Qh7+ Kxf6 27. Rg6+ Ke5 1-0

[Event "Bucharest Dreptatea"]
[Site "Bucharest"]
[Date "1995.??.??"]
[Round "4"]
[White "Khachiyan, Melikset"]
[Black "Iankowski, Roman"]
[Result "1/2-1/2"]
[WhiteElo "2400"]
[BlackElo "2230"]
[PlyCount "73"]
[EventDate "1995.??.??"]
[EventType "tourn"]
[EventRounds "13"]
[EventCountry "ROU"]
[EventCategory "5"]
[SourceTitle "EXT 2002"]
[Source "ChessBase"]
[SourceDate "2001.11.25"]
[SourceVersion "1"]
[SourceVersionDate "2001.11.25"]
[SourceQuality "1"]

1. d4 d5 2. Nc3 Nf6 3. Bg5 c6 4. Bxf6 exf6 5. e3 Nd7 6. Bd3 Nb6 7. Nge2 Bd6 8. 0-0 0-0 9. e4 Bg4 10. f3 Be6 11. Qd2 c5 12. exd5 Nxd5 13. Nxd5 Bxd5 14. c4 Be6 15. d5 Bd7 16. Rae1 f5 17. f4 Re8 18. g3 b5 19. cxb5 Qb6 20. Kg2 Bxb5 21. Bxb5 Qxb5 22. Nc3 Qb4 23. Rf2 g6 24. Rfe2 Rxe2+ 25. Rxe2 Rb8 26. Qd3 Bf8 27. Qa6 Qb6 28. Qxb6 Rxb6 29. b3 Rb4 30. Re8 Kg7 31. Rd8 c4 32. d6 cxb3 33. axb3 Rxb3 34. Nd5 Rd3 35. Nc7 a5 36. Ne8+ Kh6 37. Ra8 1/2-1/2